书目信息 |
| 题名: |
人类学研究方法
|
|
| 作者: | 王积超 主编 | |
| 分册: | ||
| 出版信息: | 北京 中国人民大学出版社 2013.12 |
|
| 页数: | 335 | |
| 开本: | 20 | |
| 丛书名: | ||
| 单 册: | ||
| 中图分类: | Q983 | |
| 科图分类: | ||
| 主题词: | 体质人类学 | |
| 电子资源: | ||
| ISBN: | 978-7-300-17154-8 | |
| 000 | 00566nam0 2200181 450 | |
| 001 | 202410182913027846 | |
| 005 | 20241018183112.01 | |
| 010 | @a978-7-300-17154-8@d40 | |
| 100 | @a20241018d km y0chiy0120 ea | |
| 101 | 0 | @achi |
| 200 | 1 | @a人类学研究方法@ARen Lei Xue Yan Jiu Fang Fa@f王积超主编@FWang Ji Chao Zhu Bian |
| 210 | @a北京@c中国人民大学出版社@d2013.12 | |
| 215 | @a335@d20 | |
| 606 | 0 | @a体质人类学 |
| 690 | @aQ983@v4 | |
| 701 | 0 | @a王积超@AWang Ji Chao@4主编 |
| 801 | 0 | @aCN@b大连网信软件有限公司图书馆·11@c20241018 |
| 905 | @aZUCC@b1424729@dQ983@e106@f1 | |
| 人类学研究方法/王积超主编.-北京:中国人民大学出版社,2013.12 |
| 335;20 |
| ISBN 978-7-300-17154-8:40 |
| ● |
| 相关链接 |
|
|
|
|
正题名:人类学研究方法
索取号:Q983/106
 
预约/预借
| 序号 | 登录号 | 条形码 | 馆藏地/架位号 | 状态 | 备注 |
| 1 | 1424729 | 214247297 | 密集书库-物理学院/ [索取号:Q983/106] | 在馆 |